000 00643nam a22001695i 4500
001 68821
003 ES-MaACL
005 20230906170355.0
007 t|
008 960829s1898 sp ||||1| spa d
040 _aCAM
_bspa
_cCAM
100 1 _aGiráldez y Riarola, Joaquín.
_957192
245 1 0 _aDe las teorías de derecho político en los escritores españoles de los siglos XVI y XVII
_b: memoria leída en la Universidad Central al recibir el grado de doctor en Derecho /
_cpor Joaquín Giráldez y Riarola.
260 _aSevilla :
_b[s.n.],
_c1898 (
_fImp. de E. Rasco)
300 _a127 p. ;
_c23 cm.
852 _aES-MaACL
_jT-1033-F-8
999 _c68821
_d68821